Statistics for British Colonial Flags Quiz

Click here to take the quiz!

General Stats

  • This quiz has been taken 257 times
    (193 since last reset)
  • The average score is 6 of 15

Answer Stats

Answer% Correct
Thirteen colonies
88%
South Africa
85%
Canada
81%
Gold Coast
45%
Newfoundland
40%
Honduras
37%
Hong Kong
37%
Jamaica
34%
Ceylon
32%
Cyprus
32%
Trucial States
27%
Nyasaland
23%
Somaliland
14%
Western Samoa
14%
Sierra Leone
13%

Score Distribution

Percentile by Number Answered

Percent of People with Each Score

Your Score History

You have not taken this quiz since the last reset